Quizzes
Events
Quiz Creation
Community
Videos
Private Events
Remove Ads
Sign In
Join for FREE
Feedback
Dark Mode
Quiz Categories
Sports
Geography
Music
Movies
Television
Just For Fun
Miscellaneous
History
Literature
Language
Science
Gaming
Entertainment
Religion
Holiday
For Kids
Quiz Lab
Recent
Popular Today
Quiz Kudos Today
Editor Picks
Curator Picks
Quizzes by...
Day
Popularity
Type
Ratings
Length
Year
Community
Subscriptions
Recent Discussions
Orange Saloon
Badges
Playlists
Quests
Create
Leaderboards
Showdown
Live 5
Trivia Bingo
Activity
Puzzle Library
Sporcle Events
Private Events
Virtual Trivia
Globe League
Become a Host
Pub Owners
SporcleCon
Opinionation
Our Games
Videos
Blog
Mobile Apps
Partnerships
Remove Ads and Go Orange
Feedback
Sports
Athletes
MLB
NBA
NHL
NFL
Soccer
Sports Teams
WWE
NCAA
Football
Premier League
Basketball
Baseball
Hockey
Golf
Tennis
Cricket
Rugby
Auto Racing
Olympics
World Cup
Sports
Athletes
MLB
NBA
NHL
NFL
Soccer
Sports Teams
WWE
NCAA
Football
Premier League
Basketball
Baseball
Hockey
Golf
Tennis
Cricket
Rugby
Auto Racing
Olympics
World Cup
Random Quiz
Search Sporcle
×
Quiz Lab
Quiz Lab
Sports
Baseball
Type in answers that appear in a list
Type in answers that appear in a list
Classic
Best Score? Go Orange.
MLB: Yearly Top 20 in HR since 2000 Stats
Can you name the 20 hitters with the most HR per year since 2000?
By
recchi51
12m
300 Questions
6,391 Plays
6,391 Plays
6,391 Plays
Comments
Comments
Give Quiz Kudos
Give Quiz Kudos
-
- Ratings
hide this ad
More Info
Replay
Link that replays current quiz
Next Quiz
Link to next quiz in quiz playlist
You Got
0%
They Got
Avg Score
77%
Avg Friend Score
Upgrade to see
Score Distribution
Jump to the score distribution portion of the page
Score
0/300
Timer
12:00
0
Plays Today
% Correct
Barry Bonds
99%
Barry Bonds
99%
Barry Bonds
99%
Barry Bonds
99%
Barry Bonds
99%
Sammy Sosa
98.5%
Sammy Sosa
98.5%
Sammy Sosa
98.5%
Sammy Sosa
98.5%
Sammy Sosa
98.5%
Alex Rodriguez
98.2%
Alex Rodriguez
98.2%
Alex Rodriguez
98.2%
Alex Rodriguez
98.2%
Alex Rodriguez
98.2%
Alex Rodriguez
98.2%
Alex Rodriguez
98.2%
Alex Rodriguez
98.2%
Alex Rodriguez
98.2%
Alex Rodriguez
98.2%
Albert Pujols
97.9%
Albert Pujols
97.9%
Albert Pujols
97.9%
Albert Pujols
97.9%
Albert Pujols
97.9%
Albert Pujols
97.9%
Albert Pujols
97.9%
Albert Pujols
97.9%
Albert Pujols
97.9%
Albert Pujols
97.9%
Albert Pujols
97.9%
Chipper Jones
97%
Andruw Jones
96.9%
Andruw Jones
96.9%
Andruw Jones
96.9%
Andruw Jones
96.9%
Ryan Howard
96.9%
Ryan Howard
96.9%
Ryan Howard
96.9%
Ryan Howard
96.9%
Ryan Howard
96.9%
Ryan Howard
96.9%
David Ortiz
96.9%
David Ortiz
96.9%
David Ortiz
96.9%
David Ortiz
96.9%
David Ortiz
96.9%
Manny Ramirez
96.6%
Manny Ramirez
96.6%
Manny Ramirez
96.6%
Manny Ramirez
96.6%
Manny Ramirez
96.6%
Manny Ramirez
96.6%
Manny Ramirez
96.6%
Manny Ramirez
96.6%
Aramis Ramirez
96.4%
Aramis Ramirez
96.4%
Hanley Ramirez
96.4%
Adam Jones
96.1%
Luis Gonzalez
96.1%
Adrian Gonzalez
96.1%
Adrian Gonzalez
96.1%
Adrian Gonzalez
96.1%
Adrian Gonzalez
96.1%
Carlos Gonzalez
96%
David Ortiz
96%
Prince Fielder
95.9%
Prince Fielder
95.9%
Prince Fielder
95.9%
Prince Fielder
95.9%
Prince Fielder
95.9%
Adam Jones
95.9%
Miguel Cabrera
95.7%
Miguel Cabrera
95.7%
Jeff Bagwell
95.1%
Jeff Bagwell
95.1%
Jeff Bagwell
95.1%
Jose Bautista
94.7%
Jose Bautista
94.7%
Jim Thome
94.3%
Jim Thome
94.3%
Jim Thome
94.3%
Jim Thome
94.3%
Jim Thome
94.3%
Jim Thome
94.3%
Jim Thome
94.3%
Jim Thome
94.3%
Miguel Cabrera
94.1%
Miguel Cabrera
94.1%
Miguel Cabrera
94.1%
Miguel Cabrera
94.1%
Miguel Cabrera
94.1%
Vladimir Guerrero
94.1%
Vladimir Guerrero
94.1%
Vladimir Guerrero
94.1%
Ryan Braun
94.1%
Ryan Braun
94.1%
Vladimir Guerrero
94.1%
Ryan Braun
94.1%
Vladimir Guerrero
94.1%
% Correct
Ryan Braun
94%
Jose Bautista
93.8%
Ryan Braun
92.9%
Todd Helton
92.7%
Todd Helton
92.7%
Adam Dunn
92.7%
Adam Dunn
92.7%
Adam Dunn
92.7%
Adam Dunn
92.7%
Adam Dunn
92.7%
Adam Dunn
92.7%
Adam Dunn
92.7%
Lance Berkman
92.6%
Lance Berkman
92.6%
Lance Berkman
92.6%
Lance Berkman
92.6%
Chris Davis
92.6%
Adrian Beltre
92.2%
Chris Davis
91.9%
Adrian Beltre
91.9%
Adam Dunn
91.7%
Ike Davis
91.7%
Adam Dunn
91.4%
Jason Giambi
91.1%
Jason Giambi
91.1%
Jason Giambi
91.1%
Jason Giambi
91.1%
Mark Teixeira
91.1%
Mark Teixeira
91.1%
Jason Giambi
91.1%
Jason Giambi
91.1%
Mark Teixeira
91.1%
Mark Teixeira
91.1%
Mark Teixeira
91.1%
Mark Teixeira
91.1%
Mark Teixeira
91.1%
Paul Konerko
90.8%
Paul Konerko
90.8%
Paul Konerko
90.8%
Paul Konerko
90.8%
Paul Konerko
90.8%
Paul Konerko
90.8%
Adrian Beltre
90.8%
Adrian Beltre
90.8%
Frank Thomas
89.3%
Frank Thomas
89.3%
Frank Thomas
89.3%
Carlos Delgado
89.3%
Carlos Delgado
89.3%
Carlos Delgado
89.3%
Carlos Delgado
89.3%
Carlos Delgado
89.3%
Carlos Delgado
89.3%
Carlos Delgado
89.3%
Ken Griffey Jr.
89.1%
Ken Griffey Jr.
89.1%
Ken Griffey Jr.
89.1%
Alfonso Soriano
89.1%
Alfonso Soriano
88.8%
Alfonso Soriano
88.8%
Alfonso Soriano
88.8%
Alfonso Soriano
88.8%
Alfonso Soriano
88.8%
Alfonso Soriano
88.7%
Carlos Lee
88.4%
Carlos Lee
88.4%
Carlos Lee
88.4%
Derrek Lee
88.4%
Derrek Lee
88.4%
Joey Votto
87.9%
Josh Hamilton
87.8%
Carlos Beltran
87.4%
Carlos Beltran
87.4%
Carlos Beltran
87.4%
Carlos Beltran
87.4%
Josh Hamilton
86.9%
David Wright
86.4%
David Wright
86.4%
David Wright
86.4%
Carlos Pena
86.1%
Carlos Pena
86.1%
Evan Longoria
85.8%
Evan Longoria
85.8%
Evan Longoria
85.5%
Curtis Granderson
85.4%
Matt Kemp
84.4%
Edgar Martinez
83.9%
Larry Walker
83.7%
Chase Utley
83.5%
Troy Glaus
82.8%
Troy Glaus
82.8%
Troy Glaus
82.8%
Troy Glaus
82.8%
Edwin Encarnacion
82.7%
Edwin Encarnacion
82.7%
Giancarlo Stanton
81.3%
Jeff Kent
81.1%
Jim Edmonds
80.9%
Jim Edmonds
80.9%
Jim Edmonds
80.9%
% Correct
Robinson Cano
80.9%
Curtis Granderson
80.3%
Mike Piazza
79.6%
Mike Piazza
79.6%
Justin Morneau
79.1%
Robinson Cano
79%
Paul Goldschmidt
78.9%
Matt Holliday
78.7%
Shawn Green
78.5%
Shawn Green
78.5%
Andrew McCutchen
77.7%
Rafael Palmeiro
77.3%
Rafael Palmeiro
77.3%
Rafael Palmeiro
77.3%
Rafael Palmeiro
77.3%
Gary Sheffield
77.1%
Gary Sheffield
77.1%
Gary Sheffield
77.1%
Gary Sheffield
77.1%
Richie Sexson
76.2%
Richie Sexson
76.2%
Richie Sexson
76.2%
Giancarlo Stanton
76.1%
Ryan Zimmerman
76%
Mark Reynolds
75.3%
Mark Reynolds
75.3%
Mark Reynolds
75.3%
Jason Bay
74.9%
Jason Bay
74.9%
Jason Bay
74.9%
Jermaine Dye
74.8%
Jermaine Dye
74.8%
Travis Hafner
74.7%
Travis Hafner
74.7%
Jimmy Rollins
73.4%
Miguel Tejada
72.2%
Jayson Werth
70.9%
Dan Uggla
70.1%
Dan Uggla
70.1%
Dan Uggla
70.1%
Nelson Cruz
68.9%
Jay Bruce
68.8%
Jay Bruce
68.4%
Justin Upton
67.1%
Jay Bruce
66.9%
Troy Tulowitzki
66.4%
Chris Young
65.8%
Bret Boone
65.7%
Bret Boone
65.7%
Javy Lopez
65%
Pat Burrell
63%
Pat Burrell
63%
Pat Burrell
63%
Pat Burrell
63%
Jacoby Ellsbury
62.7%
Eric Chavez
62.6%
Vernon Wells
62.6%
Magglio Ordonez
62.5%
Richard Hidalgo
62%
David Justice
61.2%
Brian Giles
60.9%
Brian Giles
60.9%
Raul Ibanez
60.4%
Pedro Alvarez
60.2%
Chris Carter
57.4%
Vinny Castilla
57.2%
Grady Sizemore
55.2%
Aaron Hill
54%
Mark Trumbo
53.8%
Mark Trumbo
53.6%
Brandon Phillips
53.3%
Moises Alou
53.2%
Raul Ibanez
53.1%
Ian Kinsler
51%
Nick Swisher
50.3%
Nick Swisher
50.3%
Phil Nevin
50.1%
Corey Hart
49.3%
Adam Lind
47.9%
Rickie Weeks
47.4%
Rich Aurilia
47.2%
Adam LaRoche
46.9%
Chase Headley
44.2%
Carlos Quentin
43.4%
Tony Batista
43.2%
Aubrey Huff
42.7%
Michael Cuddyer
42.5%
Preston Wilson
41.9%
Kendrys Morales
41.7%
Josh Willingham
41.2%
Morgan Ensberg
37.9%
Ryan Ludwick
37.4%
Jeromy Burnitz
36%
Mike Morse
33.1%
Josh Reddick
32.8%
Steve Finley
29.6%
Jack Cust
29.6%
Brandon Moss
26%
Bill Hall
24.1%
Cliff Floyd
23%
Quiz Playlist
Details
Report
Send in Message
Add To Playlist
More Info:
NOTE: 2013 only has top 17 due to size restrictions.
Classic:
Type in answers that appear in a list
Quiz Source
Last Updated: Feb 16, 2017
Quiz Scoreboard
CHALLENGE
Sign Up to Join the Scoreboard
Show All
Scores
Hide
Comments
May contain spoilers
Recently Published
An Introduction to Baseball
by treessimontrees
Sports
5m
Movies - When Are They Set?
by FPL_Elf
Movies
5m
Popular People in 1961
by mucciniale
History
6m
More to Explore
Quiz From the Vault
Featured Blog Post
Where Did the Easter Bunny Come From?
hide this ad
You Might Also Like...
Tags
Baseball Quiz
MLB Quiz
2000s
Home Runs
HR Hitters
HR Leaders
hrs
Top 20
Today's Top Quizzes in Sports
Browse Sports
hide this ad
Today's Top Quizzes in Baseball
Browse Baseball
Top Contributed Quizzes in Sports
1
Les meilleurs buteurs des matchs entre le PSG et l’OM
2
2022 World Cup Stars
3
FIFA Club World Cup Champions
4
Les entraîneurs de l'OM et du PSG au 21e siècle
5
Name the Premier League winners with different clubs
6
La finale Lions - Afrique du Sud 2021
7
England Test cricketers to play under Nasser Hussain
8
5-to-1: UK Sports Teams
9
Les joueurs passés par le LOSC et le RC Lens
10
Criteria MLB: Left Handed Sluggers
Explore More
Trending Topics
Anime
Disney
Kpop
Harry Potter
Crossword
Marvel
NBA
Puzzle
NFL
Soccer
Country
The Office
WWE
Song
Pokémon
hide this ad
More By:
recchi51
Quiz
Plays
Rating
Category
Featured
Created
NHL Top Goal Scorers (1990s)
28,753
4.59
Sports
Dec 10, 2010
NHL: Top 10 Goal Scorers (1990-2015)
14,465
4.66
Sports
Apr 27, 2015
NHL: Top 10 Point Scorers (1990-2015)
6,934
4.93
Sports
May 1, 2015
MLB: Yearly Top 20 in RBI since 2000
6,708
4.44
Sports
Mar 23, 2012
MLB: Yearly Top 20 in HR since 2000
6,391
4.40
Sports
Mar 25, 2012
Go to Creator's Profile
Score Distribution
Quiz Creator Spotlight
recchi51
Follow
Send a Message
Quizzes Created
-
Created Quiz Play Count
-
More By This Creator
Popular Quizzes Today
1
Find the Countries of Europe - No Outlines Minefield
2
Find the US States - No Outlines Minefield
3
The Countries of the World
4
Popular People in 1961
5
Find the US States
6
US States
7
1-10 Letter E Words III
8
Risky Map Clicking: Biggest States A-Z
More Sports Quizzes
MLB Home Run Leaders by Two-Decade Span
Published
Trending Quizzes
Risky Map Clicking: Least Populous States A-Z
1-10 Letter F Words
1-10 Letter G Words
Not Quite an Element Typing Challenge
One Thing in Common: United Kingdom
Recently Updated
Leaping Animals
pecheneg
Reality TV Shows (A-Z)
bhenderson79
Rickey Henderson's Hall of Fame Teammates
pecheneg
Champions League XIs: Arsenal
pecheneg
Quick Pick: Celebrities in WWE's Hall of Fame
aduchscher
A-Z Keypad Blitz II
pecheneg
Multiple Oscar Actors
pecheneg
Mystery Phrase Blitz: Oscar 'Best Actors'
pecheneg
F. Scott Fitzgerald Novels
LTH
Pick 3 Villains
ddd62291
Trending Topics
Anime
Marvel
Crossword
Disney
Harry Potter
Kpop
NBA
Country
NFL
Puzzle
WWE
Song
The Office
Soccer
Pokémon
Your Account Isn't Verified!
In order to create a playlist on Sporcle, you need to verify the email address you used during registration. Go to your
Sporcle Settings
to finish the process.
Report this User
Report this user for behavior that violates our
Community Guidelines
.
Details:
Send Report
Go to the Sporcle.com Mobile Site →
Comments